| 000 | 01128nam a2200253Ia 4500 | ||
|---|---|---|---|
| 003 | OSt | ||
| 005 | 20220923220034.0 | ||
| 006 | a|||||r|||| 00| 0 | ||
| 007 | ta | ||
| 008 | 220922b |||||||| |||| 00| 0 hin d | ||
| 024 | _a183,731 | ||
| 037 | _cTextual | ||
| 040 |
_aARTS _cARTS _bhin |
||
| 041 |
_2hin _ahin |
||
| 082 | _aO152,1N2:g(P), M4 | ||
| 100 | _aगुप्त, रमेश चन्द्र | ||
| 245 | 0 | _aछायावाद की भाषर (काव्य शास्त्रीय दृष्टि से छायावादी काव्य के भाषा सौन्दर्य का अनुशीलन) | |
| 246 | _aChhāyāvād kī bhāṣhar (kāvya shāstrīya dṛuṣhṭi se chhāyāvādī kāvya ke bhāṣhā saundarya kā anushīlana) | ||
| 260 |
_aगढ मुक्तेश्वर _b पंकज पब्लि0 _c1984 |
||
| 300 |
_a308 पृ. _ccm. |
||
| 650 |
_aहिन्दी साहित्य _9156264 |
||
| 942 |
_hO152,1N2:g(P), M4 _cTEXL _2CC |
||
| 999 |
_c337051 _d337051 |
||